| 000 | 01944cam a2200481 a 4500 | ||
|---|---|---|---|
| 001 | 16690759 | ||
| 003 | OSt | ||
| 005 | 20180116192411.0 | ||
| 008 | 110314s2012 njua b 001 0 eng | ||
| 010 | _a 2011010955 | ||
| 016 | 7 |
_a015903558 _2Uk |
|
| 020 | _a9780470618448 (cloth) | ||
| 020 | _a0470618442 (cloth) | ||
| 020 | _a9781118103425 (ebook) | ||
| 020 | _a1118103424 (ebook) | ||
| 020 | _a9781118103432 (ebook) | ||
| 020 | _a1118103432 (ebook) | ||
| 020 | _a9781118105320 (ebook) | ||
| 020 | _a111810532X (ebook) | ||
| 020 | _a9781118105337 (ebook) | ||
| 020 | _a1118105338 (ebook) | ||
| 020 | _a9781118105344 (ebook) | ||
| 020 | _a1118105346 (ebook) | ||
| 035 | _a(OCoLC)ocn707842677 | ||
| 040 |
_aDLC _cDLC _dYDX _dUKMGB _dYDXCP _dBDX _dBTCTA _dCDX _dCOO _dSTF _dDLC |
||
| 042 | _apcc | ||
| 050 | 0 | 0 |
_aNA2750 _b.E34 2012 |
| 082 | 0 | 0 |
_a720.14 _222 |
| 100 | 1 |
_aEckler, James, _d1982- _95861 |
|
| 245 | 1 | 0 |
_aLanguage of space and form : _bgenerative terms for architecture / _cJames Eckler. |
| 246 | 3 | 0 | _aGenerative terms for architecture |
| 260 |
_aHoboken, N.J. : _bJohn Wiley & Sons, _cc2012. |
||
| 300 |
_avi, 310 p. : _bill. ; _c23 x 29 cm. |
||
| 504 | _aIncludes bibliographical references and index. | ||
| 505 | 0 | _aA note to students on the design process and the role of words -- Terms of process & generation -- Terms of organization & ordering -- Terms of operation & experience --Terms of objects & assemblies -- Terms of representation & communication. | |
| 650 | 0 |
_aArchitectural design _xTerminology. _95862 |
|
| 906 |
_a7 _bcbc _corignew _d1 _eecip _f20 _gy-gencatlg |
||
| 942 |
_2ddc _cBK |
||
| 999 |
_c353536 _d353536 |
||